Electronic Processes in Materials / (Record no. 183690)
[ view plain ]
| 000 -LEADER | |
|---|---|
| fixed length control field | 00917 a2200181 4500 |
| 003 - CONTROL NUMBER IDENTIFIER | |
| control field | NUST |
| 005 - DATE AND TIME OF LATEST TRANSACTION | |
| control field | 20230712083705.0 |
| 010 ## - LIBRARY OF CONGRESS CONTROL NUMBER | |
| LC control number | 6221566 |
| 040 ## - CATALOGING SOURCE | |
| Transcribing agency | Nust |
| 082 ## - DEWEY DECIMAL CLASSIFICATION NUMBER | |
| Classification number | 542,AZA |
| 100 ## - MAIN ENTRY--PERSONAL NAME | |
| Personal name | Azaroff, leonid V |
| 9 (RLIN) | 58365 |
| 245 ## - TITLE STATEMENT | |
| Title | Electronic Processes in Materials / |
| Statement of responsibility, etc. | Leonid V. Azaroff and James J Brophy |
| 260 ## - PUBLICATION, DISTRIBUTION, ETC. | |
| Place of publication, distribution, etc. | N Y |
| Name of publisher, distributor, etc. | Mc Graw Hill |
| Date of publication, distribution, etc. | 1963 |
| 300 ## - PHYSICAL DESCRIPTION | |
| Extent | 462;p. |
| 505 ## - FORMATTED CONTENTS NOTE | |
| Formatted contents note | Structure of Crystals (Page-1), Diffraction of X-Rays (Page-35),Quantum Mechanics (Page-61), Atomic Bonding (Page-94), Statistical Mechanics (Page-123), Free-Electron Theory (Page-146), Zone Theory (Page-166), Theory of Semiconductors (Page-194), Semiconducting Materials (Page-238), Semiconductor Devices (Page-268), Electron Emission (Page-305), Dielectric Processes (Page-338), Magnetic Processes (Page-372), Optical Processes (Page-408). |
| 650 ## - SUBJECT ADDED ENTRY--TOPICAL TERM | |
| Topical term or geographic name entry element | Electronic Processes in Materials |
| 9 (RLIN) | 113546 |
| 942 ## - ADDED ENTRY ELEMENTS (KOHA) | |
| Source of classification or shelving scheme | |
| Koha item type | Book |
| Call number prefix | 542,AZA |
| Withdrawn status | Lost status | Source of classification or shelving scheme | Damaged status | Not for loan | Permanent Location | Current Location | Shelving location | Date acquired | Full call number | Barcode | Date last seen | Price effective from | Koha item type | Public note |
|---|---|---|---|---|---|---|---|---|---|---|---|---|---|---|
| Military College of Signals (MCS) | Military College of Signals (MCS) | General Stacks | 12/12/2016 | 542,AZA | MCS2838 | 12/08/2016 | 12/12/2016 | Book | Almirah No.77, Shelf No.4 |
